Die Abenteuer des Braven Soldaten Schwejk (Record no. 6420)

MARC details
000 -CABECERA
campo de control de longitud fija 01040nam a2200277 a 4500
001 - NÚMERO DE CONTROL
campo de control BRCA_6737
005 - FECHA Y HORA DE LA ÚLTIMA TRANSACCIÓN
campo de control 20190320205555.0
008 - DATOS DE LONGITUD FIJA--INFORMACIÓN GENERAL
campo de control de longitud fija 211011s1900----xr-#######---#000-0#ger-#
041 ## - CÓDIGO DE LENGUA
Código de lengua del texto/banda sonora o título independiente ger
044 ## - CÓDIGO DEL PAÍS DE LA ENTIDAD EDITORA/PRODUCTORA
Código MARC del país xr
050 #4 - SIGNATURA TOPOGRÁFICA DE LA BIBLIOTECA DEL CONGRESO
Número de clasificación PG5038
Número de documento/Ítem .H28
-- 1929
245 10 - MENCIÓN DE TÍTULO
Título Die Abenteuer des Braven Soldaten Schwejk
Resto del título während des weltkrieges
Mención de responsabilidad, etc. Aus dem Tschechischen übertragen von Grete Reiner Illustriert von Josef Lada
260 ## - PUBLICACIÓN, DISTRIBUCIÓN, ETC.
Lugar de publicación, distribución, etc. Praga
Nombre del editor, distribuidor, etc. Adolf Synek
Fecha de publicación, distribución, etc. 1929
300 ## - DESCRIPCIÓN FÍSICA
Extensión 2 v.
Otras características físicas il.
Dimensiones 21 cm.
500 ## - NOTA GENERAL
Nota general I107
500 ## - NOTA GENERAL
Nota general I107
505 0# - NOTA DE CONTENIDO CON FORMATO
Nota de contenido con formato Contenido: v.1. Jaroslav Hašek, Die Abenteuer des braven Soldaten Schwejk während des weltkrieges.- v.2. Karel Vanìk, Abenteuer des braven Soldaten Schwejk während des weltkrieges.
650 14 - PUNTO DE ACCESO ADICIONAL DE MATERIA--TÉRMINO DE MATERIA
Término de materia o nombre geográfico como elemento de entrada Primer Guerra Mundial
Subdivisión cronológica 1914-1918
9 (RLIN) 16820
650 14 - PUNTO DE ACCESO ADICIONAL DE MATERIA--TÉRMINO DE MATERIA
Término de materia o nombre geográfico como elemento de entrada Ejercito
Subdivisión general Ficción
Subdivisión geográfica Checoslovakia
9 (RLIN) 16821
700 1# - PUNTO DE ACCESO ADICIONAL--NOMBRE DE PERSONA
Nombre de persona Hašek, Jaroslav
9 (RLIN) 16822
700 1# - PUNTO DE ACCESO ADICIONAL--NOMBRE DE PERSONA
Nombre de persona Vanìk, Karel
9 (RLIN) 16823
700 1# - PUNTO DE ACCESO ADICIONAL--NOMBRE DE PERSONA
Nombre de persona Reiner, Grete
Término indicativo de función/relación Traductor
9 (RLIN) 16824
700 1# - PUNTO DE ACCESO ADICIONAL--NOMBRE DE PERSONA
Nombre de persona Lada, Josef
Término indicativo de función/relación Ilustrador
9 (RLIN) 16825
902 ## - CATALOGADOR
Iniciales GFM
942 ## - ELEMENTOS DE PUNTO DE ACCESO ADICIONAL (KOHA)
Fuente del sistema de clasificación o colocación Library of Congress Classification
Tipo de ítem Koha Libros
Holdings
Estado de retiro Estado de pérdida Estado dañado No para préstamo Localización permanente Ubicación/localización actual Fecha de adquisición Número de inventario Total de préstamos Signatura topográfica completa Código de barras Fecha visto por última vez Precio válido a partir de Tipo de ítem Koha
El ejemplar forma parte de la colección y puede ser consultado según las políticas vigentes.       Biblioteca del Museo Franz Mayer (Rogerio Casas-Alatriste) Biblioteca del Museo Franz Mayer (Rogerio Casas-Alatriste) 21/10/2011 I107   PG5038 .H28 1929 (I107) 7184 22/03/2019 22/03/2019 Libros